Statystyki dla Dokończ Polskie przysłowia

Kliknij tutaj aby rozwiązać quiz!

Ogólne statystyki

  • Ten quiz został rozwiązany 1 252 razy
  • Średni wynik to 18 z 29

Statystyki odpowiedzi

PrzysłowieBrakująca część% Poprawnych
Nie chwal ..... przed zachodem słońca.Dnia
96%
Bez pracy nie ma .....Kołaczy
95%
Czas leczy .....Rany
94%
..... i ryby głosu nie mająDzieci
93%
Gdy październik ciepło trzyma, zwykle mroźna bywa .....Zima
88%
Apetyt rośnie w miarę .....Jedzenia
86%
Cicha woda brzegi .....Rwie
86%
..... to pieniądzCzas
84%
..... prąd nie tykaElektryka
84%
Baju, baju – będziesz w .....Raju
84%
Co wolno wojewodzie, to nie tobie, .....Smrodzie
82%
Chcesz się dostać do nieba, nie żałuj biednym kęsa .....Chleba
80%
Lepszy wróbel w garści niż ..... na dachu.Gołąb
80%
Grosz do grosza, a będzie .....Kokosza
79%
Darowanemu ..... w zęby się nie zaglądaKoniowi
78%
Dla kota za dużo, dla ..... za małoPsa
78%
Co nagle, to po .....Diable
72%
Diabeł tkwi w .....Szczegółach
71%
..... kołem się toczy.Fortuna
65%
Co ma wisieć, nie .....Utonie
63%
Łaska pańska na ..... koniu jeździPstrym
31%
Dał Bóg dziecko, da (i) na .....Dziecko
25%
Gdy w ..... słońce dopieka, burza niedalekaLipcu
21%
..... czyni mistrzaĆwiczenie
18%
Bogatemu diabeł dzieci .....Kołysze
17%
Bóg dał, Bóg .....Wziął
17%
Dał Pan Bóg zęby, da i .....Chleb
15%
..... praca nie wzbogacaCudza
13%
Córkę ..... do klasztoruChromą
5%

Rozkład punktacji

Percentyl według liczby udzielonych odpowiedzi

Procent ludzi z każdym wynikiem

Twoja historia wyników

Nie rozwiązałeś tego quizu